[Event "Festival Juan Martinez Sola 2018 Liga"]
[Site "Almeria (Spain) ESP"]
[Date "2018.11.01"]
[Round "1.1"]
[White "Frej, Zofia"]
[Black "Mariano-Wagman, Cristine Rose"]
[Result "1-0"]
[BlackElo "1906"]
[BlackFideId "5201071"]
[EventDate "2018.11.01"]
[PlyCount "81"]
[WhiteElo "1965"]
[WhiteFideId "1172670"]

1. e4 d5 2. exd5 Qxd5 3. Nf3 Nf6 4. d4 Bg4 5. Be2 Nc6 6. Be3 O-O-O 7. Nbd2 e6 8.
O-O h6 9. a3 g5 10. b4 Qd7 11. b5 Ne7 12. Ne5 Bxe2 13. Qxe2 Qe8 14. Qf3 Bg7 15.
c4 g4 16. Nxg4 Nxg4 17. Qxg4 Rg8 18. Qe4 Nf5 19. Nb3 Nd6 20. Qc2 f5 21. Nc5 f4
22. Bxf4 Bxd4 23. Bxd6 cxd6 24. Nxb7 Rd7 25. Rad1 e5 26. Na5 Rdg7 27. Qf5+ Kc7
28. g3 Bb6 29. Nb3 Rxg3+ 30. hxg3 Rxg3+ 31. Kh2 Rg5 32. Qh7+ Kb8 33. Rd3 e4 34.
Rh3 Qe5+ 35. Kh1 h5 36. a4 Qf4 37. Qd7 Bc7 38. Nd4 e3 39. Qxc7+ Kxc7 40. Ne6+
Kd7 41. Nxf4  1-0

[Event "Festival Juan Martinez Sola 2018 Liga"]
[Site "Almeria (Spain) ESP"]
[Date "2018.11.01"]
[Round "1.2"]
[White "Mader, Manuela"]
[Black "Garcia Porlan, Beatriz"]
[Result "1/2-1/2"]
[BlackElo "2076"]
[BlackFideId "2244500"]
[EventDate "2018.11.01"]
[PlyCount "89"]
[WhiteElo "2200"]
[WhiteFideId "24612928"]

1. e4 e5 2. Nf3 Nc6 3. Bb5 a6 4. Bxc6 dxc6 5. O-O f6 6. d4 exd4 7. Nxd4 c5 8.
Ne2 Qxd1 9. Rxd1 Bd7 10. Nbc3 O-O-O 11. Be3 Bd6 12. Nd5 Ne7 13. Nef4 Nxd5 14.
Nxd5 Rhe8 15. f3 Be6 16. c4 c6 17. Nb6+ Kc7 18. Na4 b6 19. b4 Be5 20. bxc5 b5
21. Nb6 Bxa1 22. Rxa1 Rd3 23. Kf2 Ra3 24. Bc1 Rc3 25. a4 b4 26. a5 b3 27. Rb1
Rd8 28. Bf4+ Kb7 29. Bd6 Ka7 30. g4 Rc2+ 31. Ke3 b2 32. h3 Bxc4 33. Nxc4 Rxc4
34. Rxb2 Ra4 35. Kf4 Rd7 36. Rb6 Rxa5 37. Rxc6 Rb5 38. Rc8 a5 39. e5 fxe5+ 40.
Kxe5 Kb7 41. Rf8 g6 42. Ke6 Rg7 43. Be5 Rc7 44. Bxc7 Kxc7 45. Kd5  1/2-1/2

[Event "Festival Juan Martinez Sola 2018 Liga"]
[Site "Almeria (Spain) ESP"]
[Date "2018.11.01"]
[Round "1.3"]
[White "Alvarez Morales, Miguel"]
[Black "Represa Perez, Mireya"]
[Result "0-1"]
[BlackElo "2173"]
[BlackFideId "32010036"]
[EventDate "2018.11.01"]
[PlyCount "107"]
[WhiteElo "2003"]
[WhiteFideId "2278154"]

1. c4 e5 2. Nc3 Nc6 3. g3 Nf6 4. Bg2 d6 5. d3 g6 6. Bg5 Bg7 7. Nd5 h6 8. Bxf6
Bxf6 9. Nxf6+ Qxf6 10. Qd2 Be6 11. Rb1 a5 12. e3 Qe7 13. Ne2 Qd7 14. Nc3 O-O
15. h4 f5 16. Nd5 Rad8 17. a3 a4 18. O-O f4 19. exf4 Bh3 20. fxe5 Nxe5 21. Qxh6
Bxg2 22. Kxg2 Qg4 23. Nf4 Qf3+ 24. Kg1 Qg4 25. Kg2 Qf3+ 26. Kg1 Qg4 27. Kg2 Rf6
28. f3 Qd7 29. Nd5 Re6 30. Qd2 Qf7 31. Rbe1 c6 32. Nf4 Re7 33. Qd1 b5 34. cxb5
cxb5 35. d4 Nc4 36. d5 Ne3+ 37. Rxe3 Rxe3 38. Ne6 Qf6 39. Rf2 Rc8 40. Qd2 Rb3
41. Nd4 Qe5 42. Nxb3 axb3 43. Qd3 Kg7 44. Qxb5 Rc1 45. Re2 Rc2 46. Rxc2 bxc2
47. Qb7+ Kh6 48. g4 g5 49. Qc8 Qe2+ 50. Kg3 gxh4+ 51. Kh3 Qxf3+ 52. Kxh4 Qf2+
53. Kh3 Qf1+ 54. Kh2  0-1

[Event "Festival Juan Martinez Sola 2018 Liga"]
[Site "Almeria (Spain) ESP"]
[Date "2018.11.01"]
[Round "1.4"]
[White "Jimenez Fernandez, Rebeca"]
[Black "Vardi, Shlomit"]
[Result "1/2-1/2"]
[BlackElo "1904"]
[BlackFideId "2801442"]
[EventDate "2018.11.01"]
[PlyCount "131"]
[WhiteElo "1971"]
[WhiteFideId "32070934"]

1. e4 g6 2. d4 Bg7 3. Nc3 d6 4. Be3 a6 5. a4 Nf6 6. f3 Nbd7 7. Qd2 e5 8. Bc4 O-O
9. Nge2 exd4 10. Nxd4 Ne5 11. Bb3 Bd7 12. h3 Qe7 13. O-O c5 14. Nde2 Bc6 15.
Nd5 Nxd5 16. Bxd5 Bxd5 17. Qxd5 Qe6 18. Nf4 Qxd5 19. Nxd5 Nc4 20. Bc1 Rae8 21.
Rb1 Bd4+ 22. Kh2 f5 23. b3 Na5 24. Bg5 Nc6 25. Nc7 Rc8 26. Ne6 Rf7 27. exf5
Rxf5 28. g4 Rf7 29. f4 Re8 30. Nxd4 Nxd4 31. c3 Ne6 32. Bh6 Ng7 33. Rbd1 Re3
34. Kg2 Ne8 35. Rfe1 Rfe7 36. Kf2 Rxe1 37. Rxe1 Rxe1 38. Kxe1 Nf6 39. Ke2 Kf7
40. c4 Ne8 41. Kd3 Nf6 42. a5 Ke6 43. Bg5 Nd7 44. Ke4 Nb8 45. f5+ gxf5+ 46.
gxf5+ Kf7 47. Kd5 Nc6 48. Bd2 Kf6 49. Kxd6 Nd4 50. Bc3 Kxf5 51. Kxc5 Nxb3+ 52.
Kb6 Ke4 53. Kxb7 Kd3 54. Be1 Kxc4 55. Kxa6 Kc5 56. Kb7 Kb5 57. Kc7 Nxa5 58.
Bxa5 Kxa5 59. Kd6 Kb6 60. Ke6 Kc7 61. h4 Kd8 62. Kf7 Kd7 63. h5 Kd8 64. Kg7 Ke7
65. Kxh7 Kf7 66. Kh8  1/2-1/2

[Event "Festival Juan Martinez Sola 2018 Liga"]
[Site "Almeria (Spain) ESP"]
[Date "2018.11.01"]
[Round "2.1"]
[White "Mariano-Wagman, Cristine Rose"]
[Black "Lach, Aleksandra"]
[Result "1/2-1/2"]
[BlackElo "2205"]
[BlackFideId "1134299"]
[EventDate "2018.11.01"]
[PlyCount "21"]
[WhiteElo "1906"]
[WhiteFideId "5201071"]

1. e4 c5 2. Nc3 a6 3. a4 b6 4. g3 Bb7 5. Bg2 e6 6. Nge2 d6 7. O-O Nd7 8. f4 Be7
9. g4 Qc7 10. d3 O-O-O 11. Bd2  1/2-1/2

[Event "Festival Juan Martinez Sola 2018 Liga"]
[Site "Almeria (Spain) ESP"]
[Date "2018.11.01"]
[Round "2.2"]
[White "Vardi, Shlomit"]
[Black "Redondo Benavente, Ana"]
[Result "0-1"]
[BlackElo "2055"]
[EventDate "2018.??.??"]
[PlyCount "48"]
[WhiteElo "1904"]

{ ] [Round "2"] [White "Vardi, Shlomit"] [WhiteFideId "2801442"] [Black "Redondo
Benavente, Ana"] [BlackFideId "32021674"] [Result "0-1"] [WhiteElo "1904"]
[BlackElo "2055"] [PlyCount "0"] [EventDate "2018. 01"] [SourceDate ""] } 1. e4
e5 2. Nf3 Nc6 3. Bc4 Bc5 4. c3 Nf6 5. d3 O-O 6. O-O d5 7. exd5 Nxd5 8. h3 Nb6
9. Bb3 h6 10. Qe2 Bd6 11. Re1 Re8 12. a4 Be6 13. Bc2 f5 14. b4 a6 15. Nbd2 Qf6
16. Bb2 Nd5 17. b5 Nf4 18. Qf1 Nd8 19. g3 Ng6 20. Qg2 Nf7 21. c4 Ng5 22. Nxg5
hxg5 23. Bb3 c6 24. Bxe5 Nxe5  0-1

[Event "Festival Juan Martinez Sola 2018 Liga"]
[Site "Almeria (Spain) ESP"]
[Date "2018.11.01"]
[Round "2.3"]
[White "Represa Perez, Mireya"]
[Black "Jimenez Fernandez, Rebeca"]
[Result "1-0"]
[BlackElo "1917"]
[EventDate "2018.??.??"]
[PlyCount "71"]
[WhiteElo "2151"]

{ ] [Round "2"] [White "Represa Perez, Mireya"] [WhiteFideId "32010036"] [Black
"Jimenez Fernandez, Rebeca"] [BlackFideId "32070934"] [Result "1-0"] [WhiteElo
"2173"] [BlackElo "1971"] [PlyCount "0"] [EventDate "2018. 01"] [SourceDate ""]
} 1. e4 g6 2. d4 Bg7 3. Nf3 d6 4. Bc4 Nf6 5. Qe2 c6 6. Bb3 O-O 7. O-O a5 8. a4
Bg4 9. Nbd2 Nbd7 10. h3 Bxf3 11. Nxf3 e5 12. dxe5 dxe5 13. c3 Qc7 14. Bc2 Ne8
15. Be3 Nd6 16. Rfd1 Rad8 17. Rd2 b5 18. Bg5 f6 19. Be3 Kh8 20. Rdd1 Nc4 21.
Bc1 Nc5 22. b3 Rxd1+ 23. Bxd1 Nd6 24. Bc2 Ndxe4 25. Bxe4 Nxb3 26. Rb1 bxa4 27.
Ba3 c5 28. Qc4 f5 29. Bd5 e4 30. Qxa4 exf3 31. Qxb3 fxg2 32. Qc4 Rd8 33. Bxc5
Qe5 34. Bd4 Qe7 35. Rb7 Qe1+ 36. Kxg2  1-0

[Event "Festival Juan Martinez Sola 2018 Liga"]
[Site "Almeria (Spain) ESP"]
[Date "2018.11.01"]
[Round "2.4"]
[White "Garcia Porlan, Beatriz"]
[Black "Alvarez Morales, Miguel"]
[Result "1-0"]
[BlackElo "2003"]
[EventDate "2018.??.??"]
[PlyCount "102"]
[WhiteElo "2076"]

{ ] [Round "2"] [White "Garcia Porlan, Beatriz"] [WhiteFideId "2244500"] [Black
"Alvarez Morales, Miguel"] [BlackFideId "2278154"] [Result "1-0"] [WhiteElo
"2076"] [BlackElo "2003"] [PlyCount "0"] [EventDate "2018. 01"] [SourceDate ""]
} 1. e4 Nf6 2. e5 Nd5 3. c4 Nb6 4. d4 d6 5. exd6 exd6 6. Nc3 Nc6 7. d5 Ne5 8.
f4 Ng6 9. Bd3 Be7 10. Nf3 Bg4 11. h3 Bxf3 12. Qxf3 O-O 13. O-O a5 14. Ne2 a4
15. Be3 Bf6 16. Rab1 Re8 17. Ng3 a3 18. b3 Nd7 19. Nh5 Nc5 20. Bc2 Qe7 21. Rbe1
Bc3 22. Bd2 Bd4+ 23. Kh1 Qf8 24. Qg4 Bb2 25. f5 Rxe1 26. Rxe1 Ne5 27. Qg3 Kh8
28. Qh4 Ned7 29. b4 Na6 30. f6 g6 31. Re7 Ne5 32. Ng7 Qxe7 33. fxe7 Kxg7 34.
Bg5 Nd7 35. Qg4 Nf6 36. Bxf6+ Bxf6 37. Qd7 Bxe7 38. Qxe7 Nxb4 39. Bb3 Na6 40.
Kh2 h5 41. Kg3 h4+ 42. Kf4 Rh8 43. Bd1 Rb8 44. Qe3 Nc5 45. Qxa3 Re8 46. Bf3 Re5
47. Qc3 g5+ 48. Kg4 Kg6 49. Bd1 f5+ 50. Kf3 Ne4 51. Qb4 b6  1-0

[Event "Festival Juan Martinez Sola 2018 Liga"]
[Site "Almeria (Spain) ESP"]
[Date "2018.11.01"]
[Round "2.5"]
[White "Frej, Zofia"]
[Black "Mader, Manuela"]
[Result "1-0"]
[BlackElo "2200"]
[EventDate "2018.??.??"]
[PlyCount "96"]
[WhiteElo "1964"]

{ ] [Round "2"] [White "Frej, Zofia"] [WhiteFideId "1172670"] [Black "Mader,
Manuela"] [BlackFideId "24612928"] [Result "1-0"] [WhiteElo "1965"] [BlackElo
"2200"] [PlyCount "0"] [EventDate "2018. 01"] [SourceDate ""] } 1. e4 c6 2. d4
d5 3. Nc3 dxe4 4. Nxe4 Bf5 5. Ng3 Bg6 6. Nf3 Nd7 7. h4 h6 8. h5 Bh7 9. Bd3 Bxd3
10. Qxd3 e6 11. Be3 Qa5+ 12. Bd2 Bb4 13. c3 Be7 14. c4 Qc7 15. Ne2 Ngf6 16. Nc3
Rd8 17. Qe2 a6 18. g3 O-O 19. Kf1 Rfe8 20. Bf4 Bd6 21. Bxd6 Qxd6 22. Rd1 c5 23.
a3 Qc6 24. Rh4 Nb6 25. Ne5 Qc7 26. dxc5 Qxc5 27. b4 Rxd1+ 28. Nxd1 Qc7 29. Rd4
Rd8 30. Rxd8+ Qxd8 31. c5 Qd5 32. Kg1 Na4 33. Nc4 Ne4 34. Qc2 Ng5 35. Nde3 Nf3+
36. Kf1 Nh2+ 37. Ke2 Qf3+ 38. Kd3 Nxc5+ 39. bxc5 Ng4 40. Nd6 Nxf2+ 41. Kd2 Qxg3
42. Nxb7 Qh2 43. c6 Ng4+ 44. Kc1 Qh1+ 45. Nd1 Ne3 46. c7 Nxc2 47. c8=Q+ Kh7 48.
Qxc2+ f5  1-0

[Event "Festival Juan Martinez Sola 2018 Liga"]
[Site "Almeria (Spain) ESP"]
[Date "2018.11.02"]
[Round "3.1"]
[White "Mader, Manuela"]
[Black "Mariano-Wagman, Cristine Rose"]
[Result "1-0"]
[BlackElo "1906"]
[BlackFideId "5201071"]
[EventDate "2018.11.02"]
[PlyCount "21"]
[WhiteElo "2200"]
[WhiteFideId "24612928"]

1. e4 d5 2. exd5 Qxd5 3. Nc3 Qa5 4. g3 Nf6 5. Bg2 Nc6 6. Nge2 Bg4 7. h3 Bh5 8.
O-O e6 9. d3 Qb4 10. a3 Qe7 11. b4 Bxe2 12. Qxe2 g6 13. Bb2 Bg7 14. Na4 Nd8 15.
f4 O-O 16. f5 Rb8 17. g4 h6 18. h4 gxf5 19. gxf5 Kh8 20. Nc5 b6 21. Na6 Rc8 22.
Rf3 Nd7 23. Bxg7+ Kxg7 24. f6+ Nxf6 25. Qe5 Nc6 26. Qc3 Kg6 27. Qxc6 Nh5 28.
Re1 Qxh4 29. Qe4+ Qxe4 30. Rxe4 Ng7 31. Rc4 f5 32. Nxc7 Kf6 33. Nb5 a6 34. Nd6
Rxc4 35. dxc4 Rd8 36. c5 bxc5 37. bxc5 e5 38. Nxf5 Nxf5 39. Bh3 Rd1+ 40. Kf2
Rd2+ 41. Ke1 Rxc2 42. Rxf5+ Kg6 43. Rxe5 Rc3 44. Bd7 Rxa3 45. c6 Rc3 46. Kd2
Rc4 47. Kd3 Rc1 48. Re2 Kf6 49. Kd4 a5 50. Kd5 a4 51. Kd6 a3 52. Rf2+ Kg5 53.
c7 Rd1+ 54. Ke7 Re1+ 55. Be6 Rc1 56. c8=Q  1-0

[Event "Festival Juan Martinez Sola 2018 Liga"]
[Site "Almeria (Spain) ESP"]
[Date "2018.11.02"]
[Round "3.2"]
[White "Alvarez Morales, Miguel"]
[Black "Frej, Zofia"]
[Result "1/2-1/2"]
[BlackElo "1965"]
[EventDate "2018.11.02"]
[PlyCount "0"]
[WhiteElo "2003"]

1. c4 c5 2. g3 Nc6 3. Bg2 g6 4. Nc3 Bg7 5. d3 e6 6. e4 Nge7 7. Nge2 O-O 8. O-O
a6 9. Be3 Nd4 10. f4 d6 11. Rb1 Nec6 12. a3 Qa5 13. Bd2 Qc7 14. b4 Nxe2+ 15.
Nxe2 Nd4 16. Nxd4 cxd4 17. Qa4 Bd7 18. Qa5 Rac8 19. Rfc1 e5 20. fxe5 dxe5 21.
Qxc7 Rxc7 22. Bf3 Rfc8 23. Bd1 f5 24. Bf3 Kf7 25. Rf1 Ke7 26. Rbe1 fxe4 27.
Bg5+ Bf6 28. Bxf6+ Kxf6 29. Bxe4+ Kg7 30. Bd5 Bf5 31. Rxe5 Bxd3 32. Rf4 b6 33.
Rxd4 Bxc4 34. Bxc4 Rxc4 35. Rd7+ Kf6 36. Re3 Rc3 37. Rd6+ Kf5 38. Re7 Rxa3 39.
Rxb6 Rc1+ 40. Kf2 Rc2+ 41. Re2 Rxe2+ 42. Kxe2 Ke4 43. Re6+ Kd5 44. Rb6 Kc4 45.
Kf2 Ra2+ 46. Kf3 Rxh2 47. Rxa6 Kxb4 48. Rc6 Rh1 49. Kf4 Rf1+ 50. Kg4 Rf5 51.
Rc7 Rh5 52. Kf4 Rf5+ 53. Ke4 Rg5 54. Kf3 h5 55. Rc6 Kb5 56. Rc1 Rf5+ 57. Kg2
Rg5 58. Kh3 Rg4 59. Rc3 Kb4  1/2-1/2

[Event "Festival Juan Martinez Sola 2018 Liga"]
[Site "Almeria (Spain) ESP"]
[Date "2018.11.02"]
[Round "3.3"]
[White "Jimenez Fernandez, Rebeca"]
[Black "Garcia Porlan, Beatriz"]
[Result "1-0"]
[BlackElo "2076"]
[BlackFideId "2244500"]
[EventDate "2018.11.02"]
[PlyCount "0"]
[WhiteElo "1971"]
[WhiteFideId "32070934"]

1. e4 e5 2. Nf3 Nc6 3. Bb5 a6 4. Ba4 Nf6 5. O-O Be7 6. Re1 b5 7. Bb3 d6 8. c3
O-O 9. h3 Na5 10. Bc2 c5 11. d4 Qc7 12. b3 Be6 13. Be3 c4 14. b4 Nb7 15. d5 Bd7
16. a4 bxa4 17. Nbd2 a5 18. Bxa4 axb4 19. Bxd7 bxc3 20. Bc6 Rxa1 21. Qxa1 cxd2
22. Nxd2 Na5 23. Qc3 Rc8 24. Rc1 Bd8 25. Bb5 Qb7 26. Rb1 Nb3 27. Bxc4 Nxd2 28.
Rxb7  1-0

[Event "Festival Juan Martinez Sola 2018 Liga"]
[Site "Almeria (Spain) ESP"]
[Date "2018.11.02"]
[Round "3.4"]
[White "Redondo Benavente, Ana"]
[Black "Represa Perez, Mireya"]
[Result "1/2-1/2"]
[BlackElo "2173"]
[EventDate "2018.??.??"]
[PlyCount "66"]
[WhiteElo "2055"]

1. e4 c5 2. Ne2 d6 3. g3 Nf6 4. Bg2 Nc6 5. c3 g6 6. d4 e5 7. dxc5 dxc5 8. Qxd8+
Nxd8 9. O-O b6 10. c4 Ba6 11. b3 Bg7 12. Nbc3 O-O 13. Bb2 Nc6 14. Nd5 Rad8 15.
Nec3 Nd4 16. Rad1 Nd7 17. Bc1 Bb7 18. h3 a6 19. Be3 h6 20. Kh2 Kh7 21. f4 exf4
22. gxf4 Bf6 23. Bxd4 Bxd4 24. Ne2 Bg7 25. Ne7 Ba8 26. Rd6 Rfe8 27. Nc6 Rc8 28.
Rxd7 Bxc6 29. Rxf7 Kg8 30. Ra7 Bxe4 31. Ng3 Bxg2 32. Kxg2 Ra8 33. Rxa8 Rxa8 
1/2-1/2

[Event "Festival Juan Martinez Sola 2018 Liga"]
[Site "Almeria (Spain) ESP"]
[Date "2018.11.02"]
[Round "3.5"]
[White "Lach, Aleksandra"]
[Black "Vardi, Shlomit"]
[Result "1/2-1/2"]
[BlackElo "1904"]
[EventDate "2018.11.02"]
[PlyCount "36"]
[WhiteElo "2209"]

{ ] [Round "3"] [White "Lach, Aleksandra"] [WhiteFideId "1134299"] [Black
"Vardi, Shlomit"] [BlackFideId "2801442"] [Result "* } 1. d4 g6 2. c4 Bg7 3.
Nc3 d6 4. Nf3 Nf6 5. Bf4 O-O 6. h3 c5 7. e3 Qb6 8. Qd2 Nc6 9. d5 Nb4 10. g4 e6
11. a3 Na6 12. Rb1 exd5 13. cxd5 h5 14. g5 Ne8 15. Bd3 Bd7 16. b3 Rc8 17. Ne2
Qd8 18. Nh4 Nac7  1/2-1/2

[Event "Festival Juan Martinez Sola 2018 Liga"]
[Site "Almeria (Spain) ESP"]
[Date "2018.11.02"]
[Round "4.1"]
[White "Mariano-Wagman, Cristine Rose"]
[Black "Vardi, Shlomit"]
[Result "1/2-1/2"]
[BlackElo "1904"]
[EventDate "2018.11.02"]
[PlyCount "48"]
[WhiteElo "1906"]

{ ] [Round "4"] [White "Mariano-Wagman, Sh Rose"] [WhiteFideId "5201071"] [Black
"Vardi, Shlomit"] [BlackFideId "2801442"] [Result "* } 1. e4 d6 2. Nc3 g6 3. g3
Bg7 4. Bg2 e5 5. d3 Nf6 6. Nge2 c6 7. O-O O-O 8. h3 b5 9. a4 b4 10. Nb1 a5 11.
Bg5 h6 12. Be3 Nbd7 13. Qd2 Kh7 14. c3 Nc5 15. Bxc5 dxc5 16. c4 Be6 17. f4 exf4
18. gxf4 Qd7 19. Qe3 Rfd8 20. Rf3 Qe7 21. f5 Bd7 22. fxg6+ fxg6 23. Nd2 Be8 24.
Raf1 Nd7  1/2-1/2

[Event "Festival Juan Martinez Sola 2018 Liga"]
[Site "Almeria (Spain) ESP"]
[Date "2018.11.02"]
[Round "4.2"]
[White "Represa Perez, Mireya"]
[Black "Lach, Aleksandra"]
[Result "1-0"]
[BlackElo "2209"]
[EventDate "2018.??.??"]
[PlyCount "75"]
[WhiteElo "2173"]

{ ] [Round "4"] [White "Represa Perez, Mireya"] [WhiteFideId "32010036"] [Black
"Lach, Aleksandra"] [BlackFideId "1134299"] [Result "* } 1. e4 c5 2. Nf3 d6 3.
d4 cxd4 4. Qxd4 a6 5. Be3 Nf6 6. Nc3 Ng4 7. Bg5 Nc6 8. Qd2 h6 9. Bh4 g5 10. Bg3
Bg7 11. Bd3 Be6 12. O-O Qa5 13. Rfd1 Nf6 14. Re1 Nh5 15. Rad1 Nxg3 16. hxg3 O-O
17. Nd5 Qxd2 18. Nxd2 Ra7 19. c3 b5 20. a3 Ne5 21. Bf1 f5 22. Ne3 f4 23. gxf4
gxf4 24. Nc2 Bg4 25. Be2 Bxe2 26. Rxe2 Nd3 27. Rb1 a5 28. Nf3 Rb8 29. Nfd4 b4
30. cxb4 axb4 31. axb4 Bxd4 32. Nxd4 Nxb4 33. Rc1 Nd3 34. Rd1 Ne5 35. Rc2 Kh7
36. b3 f3 37. Rc3 fxg2 38. Kxg2  1-0

[Event "Festival Juan Martinez Sola 2018 Liga"]
[Site "Almeria (Spain) ESP"]
[Date "2018.11.02"]
[Round "4"]
[White "Garcia Porlan, Beatriz"]
[Black "Redondo Benavente, Ana"]
[Result "0-1"]
[BlackElo "2055"]
[BlackFideId "32021674"]
[EventDate "2018.11.01"]
[PlyCount "0"]
[WhiteElo "2076"]
[WhiteFideId "2244500"]

1. e4 { [%clk 1:30:58]}  1... e5 { [%clk 1:30:53]}  2. Nf3 { [%clk 1:31:23]} 
2... Nc6 { [%clk 1:31:20]}  3. d4 { [%clk 1:31:46]}  3... exd4 { [%clk
1:31:45]}  4. Nxd4 { [%clk 1:32:12]}  4... Nf6 { [%clk 1:32:09]}  5. Nxc6 {
[%clk 1:32:37]}  5... bxc6 { [%clk 1:32:35]}  6. e5 { [%clk 1:33:02]}  6... Qe7
{ [%clk 1:33:03]}  7. Qe2 { [%clk 1:33:27]}  7... Nd5 { [%clk 1:33:30]}  8. c4
{ [%clk 1:33:38]}  8... Nb6 { [%clk 1:33:56]}  9. Nd2 { [%clk 1:31:23]}  9...
Qe6 { [%clk 1:33:39]}  10. Qe4 { [%clk 1:30:17]}  10... g6 { [%clk 1:29:37]} 
11. Bd3 { [%clk 1:25:34]}  11... Bg7 { [%clk 1:29:49]}  12. O-O { [%clk
1:19:31]}  12... O-O { [%clk 1:29:27]}  13. Nf3 { [%clk 1:15:03]}  13... Ba6 {
[%clk 1:08:46]}  14. b3 { [%clk 0:59:52]}  14... Rfe8 { [%clk 0:55:57]}  15.
Re1 { [%clk 0:45:20]}  15... f5 { [%clk 0:47:25]}  16. Qh4 { [%clk 0:41:16]} 
16... Qe7 { [%clk 0:47:00]}  17. Bg5 { [%clk 0:32:51]}  17... Qf8 { [%clk
0:45:50]}  18. Re3 { [%clk 0:23:39]}  18... c5 { [%clk 0:43:14]}  19. Rae1 {
[%clk 0:22:51]}  19... Bb7 { [%clk 0:42:59]}  20. Bf4 { [%clk 0:17:57]}  20...
Bxf3 { [%clk 0:29:45]}  21. Rxf3 { [%clk 0:18:09]}  21... d6 { [%clk 0:30:06]} 
22. Rh3 { [%clk 0:09:22]}  22... h5 { [%clk 0:25:44]}  23. e6 { [%clk 0:08:06]}
 23... Qf6 { [%clk 0:23:59]}  24. Bg5 { [%clk 0:07:48]}  24... Qd4 { [%clk
0:23:06]}  25. Qg3 { [%clk 0:02:13]}  25... Qg4 { [%clk 0:20:35]}  26. Qe3 {
[%clk 0:02:02]}  26... Qd4 { [%clk 0:19:09]}  27. Qd2 { [%clk 0:00:33]}  27...
Be5 { [%clk 0:15:32]}  28. Rh4 { [%clk 0:00:43]}  28... Qc3 { [%clk 0:15:33]} 
29. Qxc3 { [%clk 0:00:34]}  29... Bxc3 { [%clk 0:16:01]}  30. Re2 { [%clk
0:00:37]}  30... Be5 { [%clk 0:13:38]}  31. f4 { [%clk 0:00:55]}  31... Bd4+ {
[%clk 0:14:03]}  32. Kf1 { [%clk 0:01:21]}  32... a5 { [%clk 0:14:16]}  33. a4
{ [%clk 0:01:23]}  33... Nc8 { [%clk 0:14:25]}  34. h3 { [%clk 0:01:38]}  34...
Rb8 { [%clk 0:10:13]}  35. Bc2 { [%clk 0:02:00]}  35... Kg7 { [%clk 0:06:38]} 
36. g4 { [%clk 0:02:12]}  36... hxg4 { [%clk 0:06:33]}  37. hxg4 { [%clk
0:02:36]}  37... Ne7 { [%clk 0:04:28]}  38. Reh2 { [%clk 0:01:57]}  38... Kg8 {
[%clk 0:03:14]}  39. gxf5 { [%clk 0:00:43]}  39... Nxf5 { [%clk 0:03:10]}  40.
Rg4 { [%clk 0:00:32]}  40... Ne3+ { [%clk 0:03:28]}   0-1

[Event "Festival Juan Martinez Sola 2018 Liga"]
[Site "Almeria (Spain) ESP"]
[Date "2018.11.02"]
[Round "4"]
[White "Frej, Zofia"]
[Black "Jimenez Fernandez, Rebeca"]
[Result "1-0"]
[BlackElo "1917"]
[BlackFideId "32070934"]
[EventDate "2018.11.01"]
[PlyCount "0"]
[WhiteElo "1964"]
[WhiteFideId "1172670"]

1. e4 { [%clk 1:30:57]}  1... g6 { [%clk 1:30:55]}  2. d4 { [%clk 1:31:15]} 
2... Bg7 { [%clk 1:31:20]}  3. Nf3 { [%clk 1:31:10]}  3... d6 { [%clk 1:31:39]}
 4. c4 { [%clk 1:30:40]}  4... c5 { [%clk 1:30:57]}  5. Nc3 { [%clk 1:28:05]} 
5... Nd7 { [%clk 1:28:34]}  6. Be3 { [%clk 1:27:31]}  6... b6 { [%clk 1:23:17]}
 7. Be2 { [%clk 1:25:59]}  7... Bb7 { [%clk 1:23:31]}  8. O-O { [%clk 1:26:16]}
 8... e6 { [%clk 1:22:04]}  9. Nb5 { [%clk 1:23:58]}  9... Ndf6 { [%clk
1:17:33]}  10. dxc5 { [%clk 1:19:54]}  10... Nxe4 { [%clk 1:16:22]}  11. cxd6 {
[%clk 1:19:45]}  11... Kf8 { [%clk 1:00:24]}  12. Nfd4 { [%clk 1:15:33]}  12...
e5 { [%clk 0:55:40]}  13. Nf3 { [%clk 1:14:27]}  13... a6 { [%clk 0:55:00]} 
14. Nc7 { [%clk 1:14:21]}  14... Rb8 { [%clk 0:51:51]}  15. Bxb6 { [%clk
1:14:24]}  15... Qxd6 { [%clk 0:51:46]}  16. Qxd6+ { [%clk 1:14:43]}  16...
Nxd6 { [%clk 0:52:12]}  17. Bc5 { [%clk 1:15:07]}  17... Ke7 { [%clk 0:46:59]} 
18. Rad1 { [%clk 1:15:23]}  18... Rd8 { [%clk 0:47:06]}  19. Rxd6 { [%clk
1:15:42]}  19... Rxd6 { [%clk 0:47:11]}  20. Rd1 { [%clk 1:16:06]}  20... Bc8 
1-0